000 01471cam a2200397Mi 4500
001 84496
005 20230410124126.0
008 981022s1999 xxk 000 0 eng d
035 _a(OCoLC)ocn246360595
040 _aGyGoGBV
_erakwb
_bger
_cGBVCP
020 _a0415158753
020 _a9780415158756
020 _a0415158761
020 _a9780415158763
035 _a(OCoLC)246360595
050 1 4 _aN 72
_bM677i 1999
082 0 0 _a306.4
049 _aGRAL
100 1 _aMirzoeff, Nicholas,
_d1962-
245 1 3 _aAn introduction to visual culture /
_cNicholas Mirzoeff.
260 _aLondon :
_bRoutledge,
_c1999.
300 _axi, 274 p. :
_bill., map. ;
_c24 cm.
505 0 _aIntroduction: what is visual culture? -- Picture definition: line, color, vision -- The age of photography (1839-1982) -- Virtuality: from virtual antiquity to the pixel zone -- Transculture: from Kongo to the Congo -- Seeing sex -- First contact: from Independence Day to 1492 and Millennium -- Diana’s death: gender, photography and the inauguration of global visual culture.
504 _aIncludes bibliographic references and index.
650 0 _aArt and society.
650 0 _aVisual communication.
650 0 _aVisual perception.
650 0 _aMass media.
650 0 _aCommunication and culture.
650 0 _aPostmodernism.
650 4 _aArte y sociedad.
650 4 _aComunicacion visual.
942 _2lcc
_cbk
994 _aC0
_bDRFGD
946 _aCA
999 _c71496
_d71496